Trương Vĩnh Ký : 1837 - 1898 /

Enregistré dans:
Détails bibliographiques
Auteur principal: Khổng Xuân Thu
Format: Sách giấy
Langue:Vietnamese
Publié: Sàigòn : Tân Việt , 1958
Tags: Ajouter un tag
Pas de tags, Soyez le premier à ajouter un tag!
Thư viện lưu trữ: Thư viện Trường Đại học Đà Lạt
LEADER 00562nam a2200241 4500
001 DLU020014154
005 ##6/25/2000
020 # # |a 978- 
041 # # |a vie 
082 # # |a 895.922 809  |b KH-T 
100 # # |a Khổng Xuân Thu 
245 # # |a Trương Vĩnh Ký :  |b 1837 - 1898 /  |c Khổng Xuân Thu 
260 # # |a Sàigòn :  |b Tân Việt ,  |c 1958 
300 # # |a 147 tr.;   |c 21 cm. 
992 # # |a 219 
994 # # |a DLU 
900 # # |a False 
911 # # |a Administrator 
925 # # |a G 
926 # # |a A 
927 # # |a SH 
980 # # |a Thư viện Trường Đại học Đà Lạt